000
00212 a2200097 4500
001
26802
100
_a
Kennody, G
245
_a
The military in the third world
260
_a
_b
Duckworth
_c
090
_c
18036
_d
18036
942
_a
NUST-CAE
_c
M
_c
8932
999
_c
261875
_d
261875